Statistics for Fast Typing 1 to 20

Click here to take the quiz!

General Stats

  • This quiz has been taken 4,064 times
  • The average score is 19 of 20

Answer Stats

% Correct
1
100%
2
99%
3
99%
4
98%
5
98%
6
98%
7
97%
8
97%
9
97%
10
93%
11
93%
12
91%
13
90%
14
90%
15
88%
16
88%
17
87%
18
86%
19
85%
20
83%

Score Distribution

Percentile by Number Answered

Percent of People with Each Score

Your Score History

You have not taken this quiz